[Event "Ch NRW"]
[Site "Cologne (Germany)"]
[Round "2"]
[White "Matthaei Alexander (GER)"]
[Black "Weiler Wolfgang (GER)"]
[Result "1-0"]
[WhiteElo "2270"]
[BlackElo "2119"]

1.Nf3 g6 2.d4 Nf6 3.c4 Bg7 4.Nc3 d6 5.e4 O-O 6.Be2 e5 7.O-O Nbd7 8.d5 Nc5
9.Qc2 a5 10.Bg5 h6 11.Be3 b6 12.Nd2 Nfd7 13.b3 f5 14.f3 Nf6 15.a3 f4 16.Bf2 g5
17.b4 axb4 18.axb4 Rxa1 19.Rxa1 Na6 20.Qb3 g4 21.c5 g3 22.hxg3 fxg3 23.Be3 Ng4
24.fxg4 Qh4 25.Nf3 Rxf3 26.Bxf3 h5 27.gxh5 Kh8 28.cxd6 Qh2+ 29.Kf1 Qh1+ 30.Ke2
Qxa1 31.Qa4 Qb2+ 32.Bd2 Kh7 33.dxc7 Nxb4 34.d6 {#r} 1-0

[Event "Bundesliga (2nd) West 1992/93"]
[Site "Germany"]
[Round "0"]
[White "Matthaei Alexander (GER)"]
[Black "Kesseler Heiko"]
[Result "1-0"]
[WhiteElo "2270"]
[BlackElo "2048"]

1.Nf3 g6 2.c4 Bg7 3.Nc3 d6 4.d4 Nf6 5.e4 O-O 6.Be2 e5 7.O-O Nbd7 8.d5 Nc5
9.Qc2 a5 10.Be3 b6 11.Nd2 Ng4 12.Bxg4 Bxg4 13.a3 f5 14.f3 Bh5 15.b4 axb4
16.axb4 Rxa1 17.Rxa1 Nd7 18.Nb5 Nf6 19.Ra7 Ne8 20.c5 bxc5 21.bxc5 Qb8 22.Qa4
fxe4 23.Ra8 Qb7 24.c6 Qxa8 25.Qxa8 exf3 26.gxf3 Nf6 27.Qa2 e4 28.Nxc7 exf3
29.Ne6 Ng4 30.Nxf8 Nxe3 31.Ne6 Nd1 32.Qa8+ {#r} 1-0

[Event "Oberliga East 1992/93 (a)"]
[Site "Germany"]
[Round "0"]
[White "Bergmann Andy (GER)"]
[Black "Haertig Jens (GER)"]
[Result "1-0"]
[WhiteElo "2143"]
[BlackElo "2180"]

1.d4 Nf6 2.Nf3 g6 3.c4 Bg7 4.Nc3 O-O 5.e4 d6 6.Be2 Nbd7 7.O-O e5 8.d5 Nc5
9.Qc2 a5 10.Bg5 h6 11.Be3 b6 12.Nd2 Ng4 13.Bxg4 Bxg4 14.a3 a4 15.Bxc5 bxc5
16.Nxa4 Qg5 17.f3 Bh3 18.Rf2 Bd7 19.Nc3 Rfb8 20.Rb1 h5 21.Nf1 Bh6 22.a4 Qd8
23.Nb5 Kh7 24.b3 f5 25.Qd1 f4 26.b4 cxb4 27.Rxb4 g5 28.Rfb2 g4 29.Nc3 Rc8
30.Rb7 gxf3 31.Qxf3 Bg4 32.Qf2 Ra5 33.R2b5 Raa8 34.c5 dxc5 35.Qxc5 Bf8 36.Qc4
Bd6 37.Rb2 Qe7 38.Nb5 Bc5+ 39.Kh1 f3 40.d6 fxg2+ 41.Rxg2 Bxd6 42.Nxd6 Qxd6
43.Qf7+ Kh8 44.Rxg4 hxg4 45.Qh5+ Kg7 46.Qxg4+ Qg6 47.Qd7+ Kh8 48.Ng3 Re8
49.Rxc7 Rad8 50.Qh3+ Kg8 51.Qf1 Rf8 52.Qc4+ Kh8 53.Qe2 Rf4 54.Rc1 Rdf8 55.Rf1
Qg4 56.Qxg4 {#r} 1-0

[Event "It (open)"]
[Site "Bellheim (Germany)"]
[Round "0"]
[White "Helbig Mark (GER)"]
[Black "Guenther Peter (GER)"]
[Result "0-1"]
[WhiteElo "2327"]
[BlackElo "2215"]

1.d4 Nf6 2.c4 g6 3.Nc3 Bg7 4.e4 d6 5.Nf3 O-O 6.Be2 e5 7.O-O Nbd7 8.d5 Nc5
9.Bg5 a5 10.Nd2 Bd7 11.Rb1 h6 12.Be3 Ne8 13.b4 axb4 14.Rxb4 b6 15.Rb2 f5 16.f3
Nf6 17.Bxc5 bxc5 18.Qb3 h5 19.Qb7 fxe4 20.Ncxe4 Nxe4 21.Nxe4 Rb8 22.Qxb8 Qxb8
23.Rxb8 Rxb8 24.Rf2 Bh6 25.Nf6+ Kf7 26.Nxd7 Rd8 27.Bd1 Be3 28.Ba4 Ra8 29.Bb3
Ke7 30.Kf1 Bxf2 31.Nxe5 dxe5 32.Kxf2 Kd6 33.Ke3 {#R} 0-1

[Event "Ch Iran (juniors)"]
[Site "Iran"]
[Round "1"]
[White "Effatian Mehdi (IRI)"]
[Black "Kaberi Javad (IRI)"]
[Result "0-1"]
[WhiteElo "2200"]
[BlackElo "2148"]

1.d4 Nf6 2.c4 g6 3.Nc3 Bg7 4.e4 d6 5.Nf3 O-O 6.Be2 e5 7.d5 Nbd7 8.O-O Nc5
9.Qc2 a5 10.Bg5 h6 11.Be3 Ne8 12.Nd2 f5 13.f3 b6 14.a3 Nf6 15.b4 Ncd7 16.c5
bxc5 17.bxc5 Nh5 18.cxd6 cxd6 19.Nc4 Ndf6 20.Nb5 Ne8 21.Nb6 Rb8 22.Na7 Rxb6
23.Nxc8 Rb7 24.Na7 Nf4 25.Ba6 Rxa7 26.Bxa7 Qa8 27.Qf2 fxe4 28.Rac1 Kh7 29.Bb5
exf3 30.Bc6 Ne2+ 31.Kh1 Qd8 32.Rc4 fxg2+ 33.Qxg2 Rxf1+ 34.Qxf1 Nf4 35.Be3 Nh5
36.Qf7 Nef6 37.Bb7 Qd7 38.Qxd7 Nxd7 39.Ra4 Ndf6 40.Rxa5 Nf4 41.a4 Ng4 42.Bd2
h5 43.Bc8 Nf2+ 44.Kg1 Ne4 45.Be3 Nc3 46.Be6 g5 47.Bd2 e4 48.Bf5+ Kh6 49.Bxc3
Bxc3 50.Ra6 e3 51.Rxd6+ Kg7 52.Rb6 e2 53.Rb1 e1=Q+ 54.Rxe1 Bxe1 55.d6 Ba5
56.d7 Kf6 57.Be4 Ke7 58.Bf5 Ne6 59.h4 g4 60.Bg6 Ng7 61.Kf2 Kxd7 62.Ke3 Ke6
63.Kf4 Kf6 64.Bxh5 Nxh5+ 65.Kxg4 Kg6 66.Kf3 Kf5 67.Ke3 Ke5 68.Kd3 Kd5 69.Ke3
Bc7 70.Kf3 Nf6 71.Kg2 Ke4 72.Kf2 Nd5 73.h5 Kf5 {#R} 0-1

[Event "Ch Malaga"]
[Site "Malaga (Spain)"]
[Round "1"]
[White "Munoz Moreno Francisco J (ESP)"]
[Black "Sanjuan Garcia Miguel (ESP)"]
[Result "1-0"]
[WhiteElo "2306"]
[BlackElo "2122"]

1.c4 Nf6 2.Nc3 g6 3.e4 d6 4.d4 Bg7 5.Be2 O-O 6.Nf3 e5 7.d5 Nbd7 8.O-O Nc5
9.Qc2 a5 10.Bg5 h6 11.Be3 Nfd7 12.Nd2 f5 13.exf5 gxf5 14.f4 Qe7 15.Rae1 e4
16.Nb5 Nf6 17.h3 Bd7 18.Nd4 Qf7 19.Kh2 Qg6 20.Rg1 Kh8 21.Nf1 Rf7 22.Qd2 h5
23.Bf2 Bh6 24.Bh4 Re8 25.g3 Rg8 26.Ne3 b6 27.b3 Rfg7 28.a3 Nb7 29.b4 Rf7
30.Ne6 Bc8 31.Qb2 Nd8 32.Bxf6+ Rxf6 33.Bxh5 Qxh5 34.Qxf6+ Kh7 {#r} 1-0

[Event "Ch World (juniors) (under 10) (g)"]
[Site "Szeged (Hungary)"]
[Round "0"]
[White "Tuitebaeva Dinara (KAZ)"]
[Black "Aksionova Tatiana (UKR)"]
[Result "0-1"]
[WhiteElo "2138"]
[BlackElo "2192"]

1.d4 Nf6 2.Nf3 g6 3.c4 Bg7 4.Nc3 d6 5.e4 O-O 6.Be2 e5 7.O-O Nbd7 8.d5 Nc5
9.Qc2 a5 10.b3 Ne8 11.a3 f5 12.Nd2 Nf6 13.b4 axb4 14.Nb5 Nfxe4 15.Nxe4 Nxe4
16.Be3 bxa3 17.Nxa3 Nf6 18.Qb3 f4 19.Bd2 Ne4 20.Bb4 Bf5 21.Bd3 Nc3 22.Bxc3
Bxd3 23.Rfd1 e4 24.Bxg7 Kxg7 25.Qxb7 Be2 26.Re1 f3 27.Qb2+ Kg8 28.Qd2 Qh4
29.Rxe2 Qg4 {#R} 0-1

[Event "Ch World (juniors) (under 10) (g)"]
[Site "Szeged (Hungary)"]
[Round "0"]
[White "Tuitebaeva Dinara (KAZ)"]
[Black "Zaksaite Salomeja (LTU)"]
[Result "1-0"]
[WhiteElo "2138"]
[BlackElo "2200"]

1.d4 Nf6 2.Nf3 g6 3.c4 Bg7 4.Nc3 d6 5.e4 O-O 6.Be2 e5 7.O-O Nbd7 8.d5 Nc5
9.Qc2 a5 10.Nd2 Ne8 11.Nb3 f5 12.Nxc5 dxc5 13.f3 f4 14.b3 Qh4 15.Ba3 b6 16.Qd2
g5 17.Qe1 Qh5 18.Bb2 Rf6 19.Qf2 Rh6 20.h3 Nf6 21.Nb5 Qf7 22.Rad1 Nh5 23.Rd2
Ng3 24.Rfd1 g4 25.fxg4 Nxe4 26.Qe1 Nxd2 27.Rxd2 Bb7 28.g5 Rg6 29.Bh5 Qe7
30.Bxg6 hxg6 31.Re2 Re8 32.h4 c6 33.Nc3 cxd5 34.Nxd5 Bxd5 35.cxd5 e4 36.Bxg7
Kxg7 37.Qc3+ Qe5 38.Qd2 Qd4+ 39.Kf1 Qxd2 40.Rxd2 Rd8 41.d6 e3 42.Rd3 Kf7
43.Ke2 Ke6 44.d7 Rxd7 45.Rxd7 Kxd7 46.g3 fxg3 47.Kxe3 Kc6 48.h5 Kd6 49.h6 {#r}
1-0

[Event "Ch RLP (juniors) (under 17)"]
[Site "Wolfstein (Germany)"]
[Round "0"]
[White "Kipper Jens (GER)"]
[Black "Bauer Manfred (GER)"]
[Result "0-1"]
[WhiteElo "2382"]
[BlackElo "2128"]

1.d4 Nf6 2.c4 g6 3.Nc3 Bg7 4.e4 d6 5.Be2 O-O 6.Nf3 e5 7.O-O Nbd7 8.d5 Nc5
9.Qc2 a5 10.b3 Bd7 11.Rb1 Ncxe4 12.Nxe4 Nxe4 13.Ba3 Nc5 14.Bxc5 dxc5 15.Nd2 f5
16.a3 b6 17.b4 axb4 18.axb4 Ba4 19.Qc1 cxb4 20.c5 Kh8 21.cxb6 cxb6 22.Rxb4
Qxd5 23.Nc4 Qc5 24.Qb1 Bc2 25.Qe1 Rfb8 26.Ne3 Be4 27.Rb5 Qd4 28.Qc1 Rc8 29.Qb2
Qxb2 30.Rxb2 Rab8 31.f3 Ba8 32.Rfb1 Bf8 33.Nc4 Bc5+ 34.Kf1 Bd4 35.Rb3 Bd5 {#R}
0-1

[Event "Ch Moscow (open)"]
[Site "Moscow (Russia)"]
[Round "11"]
[White "Kretchetov Alexandre (RUS)"]
[Black "Utemov Vladimir (RUS)"]
[Result "0-1"]
[WhiteElo "2324"]
[BlackElo "2405"]

1.Nf3 Nf6 2.c4 g6 3.Nc3 Bg7 4.e4 d6 5.d4 O-O 6.Be2 Nbd7 7.O-O e5 8.d5 Nc5
9.Qc2 a5 10.Bg5 h6 11.Be3 Nfd7 12.Nd2 Qe7 13.b3 f5 14.f3 f4 15.Bf2 g5 16.a3 h5
17.b4 axb4 18.axb4 Rxa1 19.Rxa1 Na6 20.Qb3 Kh7 21.Nb5 Ndb8 22.c5 dxc5 23.bxc5
Nxc5 24.Qb4 b6 25.Ra7 Nba6 26.Qa3 g4 27.Nb3 g3 28.hxg3 fxg3 29.Bxg3 Qg5
30.Nxc5 Nxc5 31.Bf2 h4 32.Bf1 h3 33.Qe3 Qg6 34.g4 Bh6 35.Rxc7+ Kg8 36.Qa3 Bxg4
37.fxg4 Qxg4+ 38.Kh2 Rxf2+ 39.Kh1 Nxe4 40.Bxh3 {#R} 0-1

[Event "It (open)"]
[Site "Recklinghausen (Germany)"]
[Round "7"]
[White "Pollok Ralf (GER)"]
[Black "Hoecker Horst (GER)"]
[Result "1-0"]
[WhiteElo "2039"]
[BlackElo "1710"]

1.d4 Nf6 2.c4 g6 3.Nc3 Bg7 4.e4 d6 5.Nf3 O-O 6.Be2 e5 7.O-O Nbd7 8.d5 a5 9.Ne1
Nc5 10.f3 Nh5 11.Nd3 Nxd3 12.Bxd3 Nf4 13.Ne2 Qg5 14.Nxf4 exf4 15.g3 Bd4+
16.Kh1 Bh3 17.Bxf4 Qh5 18.Rb1 a4 19.Re1 Bf2 20.g4 Qh4 21.Re2 Bd4 22.Rc2 f5
23.exf5 gxf5 24.Bxf5 Bc5 25.Bg3 Qe7 26.Re2 Qg7 27.Qd3 h5 28.Rbe1 Rxf5 29.Qxf5
Rf8 30.Qxh5 Bb4 31.Re7 Bxe1 32.Rxg7+ Kxg7 33.Qxh3 {#r} 1-0

[Event "It (open) (b)"]
[Site "Zurich (Switzerland)"]
[Round "0"]
[White "Cucchiani Claudio (SUI)"]
[Black "Klyszcz Michael (GER)"]
[Result "0-1"]
[WhiteElo "2026"]
[BlackElo "2051"]

1.d4 Nf6 2.c4 g6 3.Nc3 Bg7 4.e4 d6 5.Nf3 O-O 6.Be2 Nbd7 7.O-O e5 8.d5 Nc5
9.Qc2 a5 10.Bg5 h6 11.Be3 Na6 12.h3 Nh7 13.Nd2 f5 14.f3 f4 15.Bf2 Bf6 16.Kh1
Bh4 17.Bg1 Bg3 18.Rfc1 Qh4 19.Nf1 Bf2 20.Bh2 Nf6 21.Bd1 Nh5 22.Ne2 Ng3+
23.Bxg3 fxg3 24.Ng1 g5 25.Qd2 Nc5 26.Ne3 Qf4 27.Rc3 g4 28.fxg4 Nxe4 29.Qd3
Bxe3 {#R} 0-1

[Event "Match (team)"]
[Site "Salerno (Italy)"]
[Round "0"]
[White "Bruns Michael (GER)"]
[Black "Rihterovic Milan (SRB)"]
[Result "0-1"]
[WhiteElo "2117"]
[BlackElo "2320"]

1.d4 Nf6 2.c4 g6 3.Nc3 Bg7 4.e4 O-O 5.Nf3 d6 6.Be2 e5 7.O-O Nbd7 8.d5 h6 9.Ne1
Nc5 10.Qc2 a5 11.b3 c6 12.f3 cxd5 13.cxd5 Bd7 14.Be3 Rc8 15.Qd2 Nh5 16.Rc1 Nf4
17.Nd3 Nxe2+ 18.Qxe2 b6 19.Nb2 f5 20.Nc4 Qc7 21.Nd2 Qb7 22.Nb5 Rf6 23.a4 Bf8
24.Bf2 Be7 25.Rc3 Rcf8 26.Bg3 R6f7 27.h3 Qb8 28.Bf2 Bg5 29.Be3 Bxe3+ 30.Rxe3
Rf6 31.Kh2 Qd8 32.Qc4 Qe7 33.Ree1 R6f7 34.Qe2 f4 35.Na3 g5 36.Nac4 Rb8 37.Na3
h5 38.Rg1 Qf6 39.Nb5 Kh8 40.Rb1 g4 41.Nc4 Qh4 42.Qf1 g3+ 43.Kh1 Nd3 {#R} 0-1

[Event "It (open)"]
[Site "Valencia (Spain)"]
[Round "0"]
[White "Clari Mascarell Jose Javier (ESP)"]
[Black "Navarro Lerma Ramon (ESP)"]
[Result "1-0"]
[WhiteElo "2152"]
[BlackElo "2208"]

1.d4 Nf6 2.Nf3 g6 3.c4 Bg7 4.Nc3 O-O 5.e4 d6 6.Be2 e5 7.O-O Nbd7 8.d5 Nc5
9.Qc2 a5 10.Ne1 Ne8 11.Be3 f5 12.f3 Bd7 13.Nd3 b6 14.b3 Nf6 15.a3 fxe4 16.Nxc5
bxc5 17.fxe4 Qe7 18.Rab1 h5 19.h3 Kh7 20.Qd2 Ne8 21.Bd3 c6 22.Rxf8 Qxf8 23.Rf1
Qg8 24.Bg5 Ra7 25.Bc2 Rb7 26.Ne2 Ra7 27.Ng3 a4 28.dxc6 Bc8 29.Qe2 Bh6 30.Bxh6
Kxh6 31.Qe3+ g5 32.Qf3 Qg6 33.Qf8+ Qg7 34.Qxe8 {#r} 1-0

[Event "Czech League 1996/97 (1st) (b)"]
[Site "Czech Republic"]
[Round "0"]
[White "Skorpik Martin (CZE)"]
[Black "Stejskal Drahoslav (CZE)"]
[Result "1-0"]
[WhiteElo "2150"]
[BlackElo "2030"]

1.d4 Nf6 2.c4 g6 3.Nc3 Bg7 4.e4 O-O 5.Nf3 d6 6.Be2 e5 7.O-O Nbd7 8.d5 Nc5
9.Qc2 a5 10.Bg5 h6 11.Be3 b6 12.Nd2 Ng4 13.Bxg4 Bxg4 14.a3 f5 15.f3 Bh5 16.b4
Nd7 17.Na4 f4 18.Bf2 axb4 19.axb4 g5 20.c5 bxc5 21.bxc5 Nf6 22.cxd6 cxd6
23.Nb6 Rb8 24.Nbc4 Rf7 25.Na5 Bf8 26.Nc6 Qc8 27.Rfc1 Rc7 28.Ne7+ Bxe7 29.Qxc7
Qf8 30.Ra7 Re8 31.h3 Bg6 32.Rc6 h5 33.Nc4 g4 34.Nxd6 Bd8 35.Nxe8 Bxc7 36.Nxf6+
Kg7 37.Raxc7+ Kh6 38.Rh7+ Kg5 39.h4# 1-0

[Event "Ch Germany (juniors) (under 13)"]
[Site "Friedrichroda (Germany)"]
[Round "4"]
[White "Schaffer Hendrik (GER)"]
[Black "Dany Alexander (GER)"]
[Result "1-0"]
[WhiteElo "2273"]
[BlackElo "2087"]

1.d4 Nf6 2.c4 g6 3.Nc3 Bg7 4.e4 d6 5.Nf3 O-O 6.Be2 Nbd7 7.O-O e5 8.d5 Nc5
9.Qc2 a5 10.Bg5 h6 11.Be3 Na6 12.Nd2 Ng4 13.Bxg4 Bxg4 14.a3 f5 15.f3 Bh5
16.Rab1 f4 17.Bf2 g5 18.h3 Kh8 19.b4 axb4 20.axb4 b6 21.Nb5 Be8 22.Nc3 Bd7
23.Ne2 Qe7 24.Rfc1 Rfb8 25.c5 bxc5 26.bxc5 Rxb1 27.Nxb1 dxc5 28.Bxc5 Nxc5
29.Qxc5 Qxc5+ 30.Rxc5 Ra7 31.Rc2 Bf8 32.Nd2 Bb5 33.Kf2 Bd6 34.g4 Ra1 35.Nc4
Bc5+ 36.Kg2 Re1 37.Nc3 Rg1+ 38.Kh2 Bxc4 39.Na4 Rg3 40.Nxc5 Bf1 41.Rf2 Bxh3
42.Nd7 Kg7 43.Nxe5 Kf6 44.Nc6 h5 45.e5+ Kf7 46.gxh5 Bf5 47.Nd4 Bc8 48.e6+ Bxe6
49.dxe6+ {#r} 1-0

[Event "Bundesliga (2nd) East 1996/97"]
[Site "Germany"]
[Round "0"]
[White "Schaeffner Claus (GER)"]
[Black "Ahner Andreas (GER)"]
[Result "1-0"]
[WhiteElo "2165"]
[BlackElo "2200"]

1.d4 Nf6 2.c4 g6 3.Nc3 Bg7 4.e4 d6 5.Nf3 O-O 6.Be2 e5 7.O-O Nbd7 8.d5 Nc5
9.Qc2 a5 10.b3 Ne8 11.Ne1 f5 12.f3 Bf6 13.Be3 Bg5 14.Bf2 Nf6 15.a3 b6 16.Ra2
a4 17.b4 Nb3 18.Qd1 fxe4 19.fxe4 Nc1 20.Rc2 Nxe2+ 21.Qxe2 Ng4 22.Nd3 Bd7 23.h3
Nxf2 24.Rxf2 Bh4 25.Rxf8+ Qxf8 26.Rc1 Qh6 27.Rf1 Qg5 28.Qf3 Qe7 29.b5 Bg5
30.Rf2 Bh6 31.Qf6 Qe8 32.Rf3 Bf8 33.Rf1 Be7 34.Qf2 g5 35.g4 h5 36.Qg3 Kg7
37.Nd1 Qh8 38.Ne3 hxg4 39.hxg4 Bf6 40.Kg2 Qh7 41.Nf2 Rh8 42.Rh1 Qg8 43.Rxh8
Qxh8 44.Qh3 Qh4 45.Ned1 {#r} 1-0

[Event "Ch Hamburg (open)"]
[Site "Hamburg (Germany)"]
[Round "5"]
[White "Dankert Peter (GER)"]
[Black "Rakow Thorben (GER)"]
[Result "1-0"]
[WhiteElo "2265"]
[BlackElo "2070"]

1.d4 Nf6 2.c4 g6 3.Nc3 Bg7 4.e4 d6 5.Nf3 O-O 6.Be2 e5 7.O-O Nbd7 8.d5 Ne8 9.a3
h6 10.b4 f5 11.exf5 gxf5 12.Bb2 Ndf6 13.Qc2 Rf7 14.Rad1 Nh7 15.Nd2 Qh4 16.f4
e4 17.c5 Nhf6 18.Nc4 h5 19.Ne3 Ng4 20.Bxg4 hxg4 21.g3 Qh6 22.Nb5 Bxb2 23.Qxb2
b6 24.cxb6 Ba6 25.b7 Rb8 26.Nxa7 Bxf1 27.Rxf1 Rxb7 28.Nc6 Qg7 29.Rf2 Qxb2
30.Rxb2 Rf8 31.Ne7+ Kh7 32.N7xf5 Nf6 33.Nd4 Ra8 34.Rb3 Rba7 35.Ndc2 Kg6 36.Kg2
Rh8 37.Nd4 Rha8 38.Ndc2 Rh8 39.Rc3 Rh5 40.Rc4 Kf7 41.Rd4 Ra8 42.Rd2 Ke7 43.Rd4
Rah8 44.h4 gxh3+ 45.Kh2 Kd7 46.a4 Ra8 47.a5 Rb8 48.Na3 Ra8 49.Nac4 Rb8 50.Nd2
Rb5 51.Nxe4 Nxd5 52.Nxd5 Rhxd5 53.Nf6+ {#r} 1-0

[Event "It (open)"]
[Site "Karl-Mala (Germany)"]
[Round "7"]
[White "Idessis Dimitri (GER)"]
[Black "Schwabe Manfred (GER)"]
[Result "1-0"]
[WhiteElo "2025"]
[BlackElo "1902"]

1.d4 Nf6 2.c4 g6 3.Nc3 Bg7 4.e4 d6 5.Be2 O-O 6.Nf3 e5 7.O-O Nbd7 8.d5 Nc5
9.Nd2 a5 10.f3 Nh5 11.Nb3 Nxb3 12.axb3 f5 13.b4 c5 14.dxc6 bxc6 15.bxa5 Rxa5
16.Rxa5 Qxa5 17.Qxd6 Qb6+ 18.c5 Qb7 19.Bc4+ Kh8 20.exf5 gxf5 21.Bh6 {#r} 1-0

[Event "It (open)"]
[Site "Ostrava (Czech Republic)"]
[Round "0"]
[White "Weissmann Lukas (CZE)"]
[Black "Firt Stanislav (CZE)"]
[Result "0-1"]
[WhiteElo "2123"]
[BlackElo "2340"]

1.c4 Nf6 2.Nc3 g6 3.e4 d6 4.d4 Bg7 5.Nf3 O-O 6.Be2 e5 7.O-O Nbd7 8.d5 Nc5
9.Nd2 a5 10.b3 Bh6 11.Qc2 Ne8 12.Bb2 f5 13.Rfe1 Nf6 14.Bf3 Bd7 15.Ba3 b6
16.Bxc5 bxc5 17.Nb5 Rf7 18.Rad1 f4 19.a3 g5 20.b4 axb4 21.axb4 cxb4 22.Ra1 g4
23.Be2 f3 24.Bf1 fxg2 25.Bxg2 Rxa1 26.Rxa1 Nh5 27.Nf1 Qb8 28.Ng3 Nxg3 29.hxg3
Qb6 30.Ra8+ Kg7 31.Qe2 Rxf2 32.Qxf2 Be3 33.Qxe3 Qxe3+ 34.Kh2 Bxb5 {#R} 0-1

[Event "Ch Russia (juniors) (under 12) (g)"]
[Site "St. Petersburg (Russia)"]
[Round "6"]
[White "Igla Bella (ISR)"]
[Black "Gromova Iulia (RUS)"]
[Result "0-1"]
[WhiteElo "2287"]
[BlackElo "2231"]

1.d4 Nf6 2.c4 g6 3.Nc3 Bg7 4.e4 d6 5.Nf3 O-O 6.Be2 e5 7.O-O Nbd7 8.d5 a5 9.Bd2
Nc5 10.Qc2 Ne8 11.Ne1 f5 12.f3 f4 13.g4 h5 14.Rf2 Qg5 15.h3 Kf7 16.Rh2 Qe7
17.Ng2 Rh8 18.Rd1 Bd7 19.Qb1 Bf6 20.Rf1 Ng7 21.Ne1 Rh7 22.Nd3 Nxd3 23.Qxd3
Rah8 24.Kg2 Bh4 25.Bd1 Ne8 26.Be1 Bxe1 27.Rxe1 Qh4 28.Rg1 Nf6 29.g5 Qxg5+
30.Kh1 Qh6 31.h4 Rg7 32.Rhg2 Rhg8 33.Qe2 g5 34.Rxg5 Rxg5 35.Rxg5 Rxg5 36.hxg5
Qxg5 37.Qg2 Qh4+ 38.Kg1 Qg3 39.Qxg3 fxg3 40.Kg2 h4 41.a3 Nh5 42.b4 axb4
43.axb4 h3+ 44.Kh1 Nf4 45.Be2 Kg6 46.c5 Kg5 47.cxd6 cxd6 48.b5 Nxe2 49.Nxe2
g2+ 50.Kh2 Bxb5 51.Ng3 Bd7 {#R} 0-1

[Event "It (open)"]
[Site "Teheran (Iran)"]
[Round "7"]
[White "Agamaliev Gamil (AZE)"]
[Black "Yurtaev Leonid (KGZ)"]
[Result "0-1"]
[WhiteElo "2480"]
[BlackElo "2520"]

1.d4 Nf6 2.Nf3 g6 3.c4 Bg7 4.Nc3 O-O 5.e4 d6 6.Be2 e5 7.d5 Nbd7 8.O-O Nc5
9.Qc2 a5 10.Bg5 h6 11.Be3 b6 12.Nd2 h5 13.f3 Kh7 14.b3 Bh6 15.Bxh6 Kxh6 16.a3
Ncd7 17.b4 h4 18.Rfe1 Nh5 19.Nf1 Ndf6 20.Ne3 Nf4 21.Bf1 N6h5 22.Ne2 Qg5 23.Qd2
f5 24.exf5 gxf5 25.Nxf4 Nxf4 26.Rac1 axb4 27.axb4 Bb7 28.c5 Bxd5 29.cxd6 c6
30.Kh1 h3 31.Nxd5 hxg2+ 32.Bxg2 cxd5 33.Rxe5 Rg8 34.d7 Rad8 35.Rc7 d4 36.Re1
Qxg2+ 37.Qxg2 Rxg2 38.Re8 Re2 39.Rc6+ Kg7 40.Rxe2 Nxe2 41.Re6 d3 42.Rd6 Nf4
{#R} 0-1

[Event "Tournament (open) (b)"]
[Site "Venice (Italy)"]
[Round "5"]
[White "Opacic Alexandar (ITA)"]
[Black "Scarpa Arnaldo"]
[Result "1-0"]
[WhiteElo "2037"]
[BlackElo "1573"]

1.e4 g6 2.d4 Bg7 3.c4 d6 4.Nc3 Nd7 5.Nf3 e5 6.d5 Ngf6 7.Be2 O-O 8.O-O Nc5
9.Qc2 a5 10.Bg5 h6 11.Be3 b6 12.h3 Nh5 13.Nd2 Nf4 14.Kh2 f5 15.g3 Nxe2 16.Nxe2
Qd7 17.Ng1 f4 18.Bxc5 bxc5 19.Qd3 h5 20.a4 g5 21.b3 Bf6 22.f3 Qh7 23.Kg2 fxg3
24.Kxg3 g4 25.fxg4 hxg4 26.Kf2 gxh3 27.Qg3+ Bg7+ 28.Ke3 h2 29.Ngf3 Qh6+ 30.Kd3
Rf4 31.Nxh2 Rh4 32.Nhf3 Rh3 33.Qg2 Qf4 34.Rg1 Qh6 35.Kc2 Bd7 36.Kb2 Rf8 37.Ka3
Rf4 38.Raf1 Rg4 39.Qf2 Rxg1 40.Nxg1 Rh2 41.Qf7+ Kh7 42.Ngf3 Bg4 43.Nxh2 Qxh2
44.Nf3 Qg2 45.Ng5+ Kh6 46.Ne6 Bh5 47.Rh1 {#r} 1-0

[Event "It (open) \"]
[Site "Budapest (Hungary)"]
[Round "1"]
[White "Zimmerman Yuri (ISR)"]
[Black "Szilardfy Gyula (HUN)"]
[Result "1-0"]
[WhiteElo "2380"]
[BlackElo "2052"]

1.d4 Nf6 2.c4 g6 3.Nc3 Bg7 4.e4 d6 5.Nf3 O-O 6.Be2 Nbd7 7.O-O e5 8.d5 Nc5
9.Qc2 a5 10.Bg5 h6 11.Be3 b6 12.Nd2 Ng4 13.Bxg4 Bxg4 14.a3 f5 15.f3 Bh5 16.b4
Nd7 17.Na4 axb4 18.axb4 f4 19.Bf2 g5 20.c5 bxc5 21.bxc5 g4 22.cxd6 cxd6 23.Nc3
Qg5 24.fxg4 Bxg4 25.Qd3 Bf6 26.Nb5 Be7 27.h3 Bh5 28.Nf3 Bxf3 29.Qxf3 Rxa1
30.Rxa1 Rb8 31.Na7 Bd8 32.Nc6 Rc8 33.h4 Qg6 34.Qh3 f3 35.g3 Qe8 36.Ra7 Rc7
37.Ra8 {#r} 1-0

[Event "It (open)"]
[Site "Arco (Italy)"]
[Round "4"]
[White "Ruzzier Dario (ITA)"]
[Black "Turuncic Bojan (SLO)"]
[Result "1-0"]
[WhiteElo "1981"]
[BlackElo "1890"]

1.d4 Nf6 2.c4 g6 3.Nc3 Bg7 4.e4 d6 5.Nf3 O-O 6.Be2 Nbd7 7.O-O e5 8.d5 Nc5
9.Qc2 a5 10.Bg5 h6 11.Be3 Ncd7 12.Ne1 g5 13.Nd3 Re8 14.c5 Nf8 15.f3 Nh5
16.cxd6 cxd6 17.Nb5 Ng6 18.Nc7 Nhf4 19.Nxa8 Nh4 20.Nxf4 gxf4 21.Bf2 Kh7 22.Nb6
Nxg2 23.Qxc8 Qe7 24.Qf5+ Kh8 25.Kxg2 Rg8 26.Kh1 Bf6 27.Rg1 Bg5 28.Rac1 Rg6
29.Qd7 Qf6 30.Rc8+ Kh7 31.Qe8 Bh4 32.Rxg6 {#r} 1-0

[Event "It (open)"]
[Site "Corte Ingles (Spain)"]
[Round "0"]
[White "Martin Juan Manuel (ESP)"]
[Black "Menvielle Lacourrelle August (ESP)"]
[Result "0-1"]
[WhiteElo "2255"]
[BlackElo "2320"]

1.Nf3 Nf6 2.d4 g6 3.c4 Bg7 4.Nc3 O-O 5.e4 d6 6.Be2 Nbd7 7.O-O e5 8.d5 Nc5
9.Qc2 a5 10.Bg5 h6 11.Be3 Nh5 12.Nd2 Nf4 13.Bf3 g5 14.Qd1 Qe7 15.Bg4 Nd7 16.g3
Nf6 17.Bxc8 Rfxc8 18.Nf3 Ng6 19.Ne1 Qd7 20.Kg2 Ng4 21.Bc1 f5 22.f3 Nf6 23.Nd3
Rf8 24.c5 fxe4 25.fxe4 c6 26.Qa4 Rf7 27.Qc4 Raf8 28.Bd2 Kh7 29.Rad1 Ne8
30.dxc6 bxc6 31.Rxf7 Rxf7 32.h3 g4 33.h4 Rf3 34.Ne1 Rf8 35.Be3 Qe7 36.cxd6
Nxd6 37.Qe2 Nf4+ 38.Bxf4 exf4 39.Qxg4 Be5 40.Nf3 Rg8 41.Qh5 Rxg3+ 42.Kh2 Qg7
43.Ne2 Qa7 44.Ned4 Bxd4 45.Nxd4 Qg7 46.Ne2 Rg2+ 47.Kh1 f3 48.Qxf3 Rg4 49.Qf2
Qe7 50.Ng3 Nxe4 51.Qf3 Kh8 {#R} 0-1

[Event "It (open) (b)"]
[Site "Dortmund (Germany)"]
[Round "0"]
[White "Ries Benjamin (GER)"]
[Black "Matthias Kurt"]
[Result "0-1"]
[WhiteElo "2072"]
[BlackElo "1785"]

1.d4 Nf6 2.c4 g6 3.Nc3 Bg7 4.e4 d6 5.Nf3 O-O 6.Be2 e5 7.O-O Nbd7 8.d5 Ne8 9.b4
f5 10.a4 Ndf6 11.Nd2 f4 12.c5 g5 13.Nc4 Rf7 14.g4 h5 15.h3 hxg4 16.hxg4 Bf8
17.cxd6 cxd6 18.f3 Rh7 19.Kg2 Bd7 20.Bd2 a6 21.a5 Rc8 22.Be1 Rc7 23.Bf2 Ng7
24.Bb6 Qb8 25.Bxc7 Qxc7 26.Rc1 Qb8 27.Nb6 Qe8 28.Nb1 Qg6 29.Nxd7 Nxd7 30.Rc7
Nf6 31.Bd3 Rh4 32.Rh1 Qh6 33.Rxb7 Nge8 34.b5 Nxg4 35.fxg4 Nf6 36.Rxh4 Qxh4
37.Kf1 Nxg4 38.Qe1 Qh3+ 39.Ke2 Qe3+ 40.Kd1 Qxd3+ 41.Kc1 Ne3 42.Qd2 Qf1+ 43.Kb2
Nc4+ 44.Kc3 Nxd2 45.Nxd2 Qc1+ {#R} 0-1

[Event "Olympiad"]
[Site "Elista (Russia)"]
[Round "5"]
[White "Simonet Marc (AND)"]
[Black "Bisereko Godfrey (UGA)"]
[Result "1-0"]
[WhiteElo "2270"]
[BlackElo "2066"]

1.d4 Nf6 2.c4 g6 3.Nc3 Bg7 4.e4 d6 5.Be2 Nbd7 6.Nf3 O-O 7.O-O e5 8.d5 Nc5
9.Qc2 a5 10.Bg5 h6 11.Be3 b6 12.Nd2 Bd7 13.b3 Qe7 14.a3 Nh7 15.b4 Nb7 16.Nb5
Rfc8 17.Rfc1 f5 18.f3 f4 19.Bf2 Bf8 20.Qd1 Be8 21.c5 bxc5 22.bxc5 Nf6 23.c6
Nd8 24.Na7 Rcb8 25.Rab1 Qg7 26.Ba6 g5 27.Bb7 g4 28.Bxa8 Rxa8 29.Kf1 Bh5 30.Rb3
gxf3 31.gxf3 Nf7 32.Rcb1 Ng5 33.Qe2 Re8 34.h4 Nh3 35.Rb8 Bf7 36.Rxe8 Bxe8
37.Ke1 Be7 38.Qf1 Nxf2 39.Qxf2 Nh5 40.Rb8 Kf7 41.Nb5 Ng3 42.Nxc7 Bxh4 43.Nxe8
Qg6 44.Qa7+ Be7 45.Rb7 {#r} 1-0

[Event "OSW 1998/99"]
[Site "Germany"]
[Round "1"]
[White "Schmidt Rainer (GER)"]
[Black "Ragozin Evgeni (RUS)"]
[Result "0-1"]
[WhiteElo "2177"]
[BlackElo "2480"]

1.d4 Nf6 2.c4 g6 3.Nc3 Bg7 4.e4 d6 5.Be2 O-O 6.Nf3 e5 7.O-O Nbd7 8.d5 Nc5
9.Nd2 a5 10.b3 Bh6 11.Qc2 Ne8 12.Rb1 f5 13.Bf3 Nf6 14.Rb2 Bf4 15.a3 fxe4
16.Ndxe4 Bf5 17.g3 Bxc1 18.Rxc1 a4 19.bxa4 b6 20.Re1 Qe8 21.Rb4 Qf7 22.Qd2
Bxe4 23.Bxe4 Qd7 24.Qc2 Kg7 25.Kg2 Rf7 26.Re3 Ng4 27.Rf3 Raf8 28.Qe2 h5
29.Rxf7+ Qxf7 30.f3 Nf6 31.Rb1 h4 32.Rf1 Nh5 33.Rf2 Qe7 34.Qc2 hxg3 35.hxg3
Qg5 36.Ne2 Nf6 37.Ng1 Rh8 38.Nh3 Qh5 {#R} 0-1